[Event "Chigorin Mem Blitz 2016"]
[Site "St Petersburg RUS"]
[Date "2016.10.14"]
[Round "8.8"]
[White "Stupak, Kirill"]
[Black "Timofeev, Artyom"]
[Result "0-1"]
[WhiteTitle "GM"]
[BlackTitle "GM"]
[WhiteElo "2564"]
[BlackElo "2601"]
[WhiteFideId "13503758"]
[BlackFideId "4140419"]
[EventDate "2016.10.14"]

1. d4 d5 2. Nf3 Nf6 3. g3 b5 4. Bg2 Bb7 5. O-O e6 6. c3 Nbd7 7. Nbd2 c5 8. dxc5
Bxc5 9. Nb3 Bb6 10. Nfd4 a6 11. a4 bxa4 12. Rxa4 O-O 13. Ra1 h6 14. Nc2 a5 15.
Be3 Ba6 16. Bd4 Bc4 17. Nd2 Ba6 18. Re1 e5 19. Bxb6 Qxb6 20. Qc1 Rfb8 21. Ne3
Bb7 22. Ra2 g6 23. Qc2 Kg7 24. Rea1 Bc6 25. h3 a4 26. Qd1 Nc5 27. Nc2 Bb7 28.
Nb4 Rd8 29. Ra3 Rac8 30. Nf3 Qe6 31. Nd2 Qe7 32. Nd3 Nfd7 33. Nb4 Nf6 34. Qe1 d4
35. cxd4 Rxd4 36. Nc2 Rdd8 37. Ne3 Bxg2 38. Nxg2 Rb8 39. Nc4 Qe6 40. Qc3 Nb3 41.
Re1 Nd4 42. Rxa4 Rb3 43. Qc1 Qxh3 44. Nxe5 Rc8 45. Qf4 Ne6 46. Qd2 Qf5 47. Nf3
Qb5 48. Ra5 Qb4 49. Qxb4 Rxb4 50. Ra2 Rcb8 51. Rb1 Nd5 52. Rd1 Nf6 53. Rd2 Ne4
54. Rc2 Rd8 55. Ne3 Rb3 56. Ne5 Nxg3 57. Nc6 Rd6 58. Ra3 Rxa3 59. bxa3 Ne4 60.
a4 Nd4 61. Nxd4 Rxd4 62. Rc4 Rxc4 63. Nxc4 Nc5 64. a5 Na6 65. Kg2 f5 66. Kf3 Kf6
67. Ne3 g5 68. Kg2 h5 69. f3 Ke5 70. Nc4+ Kd5 71. Ne3+ Ke5 72. Kf2 h4 73. Nc4+
Kd5 74. Ne3+ Ke5 75. Nc4+ 0-1

[Event "Chigorin Mem Blitz 2016"]
[Site "St Petersburg RUS"]
[Date "2016.10.14"]
[Round "8.9"]
[White "Ladva, Ottomar"]
[Black "Idani, Pouya"]
[Result "1/2-1/2"]
[WhiteTitle "IM"]
[BlackTitle "GM"]
[WhiteElo "2513"]
[BlackElo "2551"]
[WhiteFideId "4500024"]
[BlackFideId "12510130"]
[EventDate "2016.10.14"]

1. Nf3 c5 2. c4 Nc6 3. Nc3 g6 4. e3 Nf6 5. d4 cxd4 6. exd4 d5 7. cxd5 Nxd5 8.
Qb3 e6 9. Bg5 Be7 10. Bh6 Bf8 11. Bxf8 Kxf8 12. Bb5 Na5 13. Qa3+ Kg7 14. O-O b6
15. b4 a6 16. Be2 Qd6 17. Nxd5 exd5 18. Qc3 Nc6 19. a3 f6 20. Rfe1 Bd7 21. Rac1
Rhe8 22. Bf1 Rxe1 23. Rxe1 a5 24. Bb5 Rc8 25. Bxc6 Rxc6 26. Qd2 axb4 27. axb4
Bf5 28. h3 Rc4 29. b5 Be4 30. Nh2 Qb4 31. Qxb4 Rxb4 32. f3 Bf5 33. Re7+ Kg8 34.
Ng4 Bxg4 35. hxg4 Rxb5 36. Rd7 g5 37. Kh2 Kf8 38. Rxh7 Rb4 39. Rb7 b5 40. Kg3
Rxd4 41. Rxb5 Ke7 42. Rb6 Rd2 43. Ra6 d4 44. Ra7+ Ke6 45. Ra6+ Kf7 46. Ra7+ Ke6
47. Ra6+ Kf7 48. Ra7+ Kg6 49. Rd7 d3 50. f4 gxf4+ 51. Kxf4 Rf2+ 52. Kg3 Rd2 53.
Kf4 Rd1 54. Ke3 Re1+ 55. Kf2 Re2+ 56. Kf3 Rd2 57. g3 Rd1 58. Ke3 Re1+ 59. Kf2
Re2+ 60. Kf3 Rd2 61. Ke3 Rg2 62. Kf3 1/2-1/2

[Event "Chigorin Mem Blitz 2016"]
[Site "St Petersburg RUS"]
[Date "2016.10.14"]
[Round "8.10"]
[White "Lu, Shanglei"]
[Black "Abergel, Thal"]
[Result "1-0"]
[WhiteTitle "GM"]
[BlackTitle "GM"]
[WhiteElo "2615"]
[BlackElo "2475"]
[WhiteFideId "8603332"]
[BlackFideId "614890"]
[EventDate "2016.10.14"]

1. e4 e5 2. Bc4 d6 3. d3 c6 4. Nc3 Nf6 5. Bb3 Na6 6. f4 Nc5 7. Nf3 Nxb3 8. axb3
exf4 9. Bxf4 Be7 10. O-O O-O 11. Ne2 a6 12. Ng3 Ng4 13. h3 Nf6 14. Qd2 Be6 15.
Rae1 Kh8 16. Nf5 Bxf5 17. exf5 a5 18. Bh2 a4 19. bxa4 Rxa4 20. b3 Ra2 21. Ra1
Rxa1 22. Rxa1 d5 23. g4 Bd6 24. Ne5 Qb6+ 25. Kg2 Qc7 26. Re1 Re8 27. Nxf7+ Qxf7
28. Bxd6 d4 29. Rxe8+ Qxe8 30. Qf2 c5 31. Qf3 b6 32. g5 Nd7 33. Qe4 Qxe4+ 34.
dxe4 Kg8 35. e5 1-0

[Event "Chigorin Mem Blitz 2016"]
[Site "St Petersburg RUS"]
[Date "2016.10.14"]
[Round "8.11"]
[White "Alekseev, Evgeny"]
[Black "Xu, Yinglun"]
[Result "1-0"]
[WhiteTitle "GM"]
[WhiteElo "2636"]
[BlackElo "2526"]
[WhiteFideId "4138147"]
[BlackFideId "8604940"]
[EventDate "2016.10.14"]

1. e4 c5 2. Nf3 d6 3. d4 cxd4 4. Qxd4 Nc6 5. Bb5 Bd7 6. Qd3 Nf6 7. c4 g6 8. Nc3
Bg7 9. O-O O-O 10. h3 a6 11. Bxc6 Bxc6 12. Nd4 Qa5 13. Be3 Rfc8 14. b3 Rab8 15.
a4 Nd7 16. Rfd1 Nc5 17. Qc2 Ne6 18. Qd2 Nc5 19. Rab1 Ne6 20. Qd3 Qc7 21. Nde2
Nc5 22. Qc2 b6 23. Nd4 Be8 24. Nd5 Qd8 25. Bg5 Rb7 26. Bh4 b5 27. axb5 axb5 28.
cxb5 Bxd4 29. Rxd4 Ne6 30. Rc4 Rcb8 31. b6 Bb5 32. Rc7 g5 33. Bg3 Kf8 34. Qc3 f6
35. Nxe7 Nxc7 36. Qxf6+ 1-0

[Event "Chigorin Mem Blitz 2016"]
[Site "St Petersburg RUS"]
[Date "2016.10.14"]
[Round "8.12"]
[White "Gajewski, Grzegorz"]
[Black "Sadovsky, Artem"]
[Result "1-0"]
[WhiteTitle "GM"]
[WhiteElo "2621"]
[BlackElo "2414"]
[WhiteFideId "1116207"]
[BlackFideId "4155840"]
[EventDate "2016.10.14"]

1. Nf3 g6 2. c4 Bg7 3. d4 d6 4. Nc3 e5 5. dxe5 dxe5 6. Qxd8+ Kxd8 7. Bg5+ f6 8.
O-O-O+ Nd7 9. Be3 Bh6 10. Bxh6 Nxh6 11. h3 c6 12. g4 Nf7 13. e3 Ke7 14. Be2 a5
15. Ne4 Nb6 16. b3 Rd8 17. Kb2 Rxd1 18. Rxd1 a4 19. Nc5 axb3 20. axb3 Ra5 21.
Ne4 Be6 22. g5 f5 23. Nf6 e4 24. Ng8+ Kf8 25. Nd4 Nxg5 26. Nf6 Ke7 27. h4 Kxf6
28. hxg5+ Ke7 29. Nxe6 Kxe6 30. Rh1 Nd7 31. Rxh7 b6 32. Rg7 Ne5 33. Rb7 Kd6 34.
Rxb6 Kc7 35. Rb4 c5 36. Rb5 Rxb5 37. cxb5 Nf7 38. Kc3 Nxg5 39. Bf1 Kb6 40. Kc4
Nf3 41. Kd5 Nd2 42. Bc4 Nf1 43. Bxf1 1-0

[Event "Chigorin Mem Blitz 2016"]
[Site "St Petersburg RUS"]
[Date "2016.10.14"]
[Round "9.1"]
[White "Tran, Tuan Minh"]
[Black "Kovalev, Vladislav"]
[Result "1/2-1/2"]
[WhiteTitle "IM"]
[BlackTitle "GM"]
[WhiteElo "2468"]
[BlackElo "2609"]
[WhiteFideId "12401820"]
[BlackFideId "13504398"]
[EventDate "2016.10.14"]

1. Nf3 Nf6 2. b3 g6 3. Bb2 Bg7 4. e3 O-O 5. Be2 d5 6. O-O c5 7. c4 d4 8. exd4
Nh5 9. Ne5 cxd4 10. Bxh5 Bxe5 11. Bf3 Bg7 12. d3 Nc6 13. Nd2 e5 14. a3 a5 15. c5
Re8 16. Nc4 Bf8 17. Re1 f6 18. Nb6 Ra6 19. b4 axb4 20. axb4 Rxa1 21. Bxa1 Be6
22. Qa4 Qc7 23. g3 Kg7 24. Bb2 Rd8 25. Ba3 Ne7 26. Qa7 Nc6 27. Qa4 Ne7 28. Qa7
Nc6 29. Qa4 Ne7 30. Qa7 1/2-1/2

[Event "Chigorin Mem Blitz 2016"]
[Site "St Petersburg RUS"]
[Date "2016.10.14"]
[Round "9.2"]
[White "Moskalenko, Alexander"]
[Black "Volkov, Sergey"]
[Result "1-0"]
[WhiteTitle "IM"]
[BlackTitle "GM"]
[WhiteElo "2490"]
[BlackElo "2609"]
[WhiteFideId "4155351"]
[BlackFideId "4122763"]
[EventDate "2016.10.14"]

1. d4 d5 2. Bf4 c5 3. e3 Nc6 4. c3 Bf5 5. Nd2 e6 6. Ngf3 Qb6 7. Qb3 c4 8. Qxb6
axb6 9. a3 b5 10. Rc1 h6 11. Be2 Nf6 12. Ne5 Be7 13. g4 Bh7 14. h3 O-O 15. Ndf3
Ne4 16. Nd2 f6 17. Nxc6 bxc6 18. Nxe4 Bxe4 19. Rg1 g5 20. Bg3 Rae8 21. Kd2 Bg6
22. Rcf1 Kg7 23. h4 Rf7 24. hxg5 hxg5 25. Rh1 Rff8 26. Bd1 Bd3 27. Rfg1 Rh8 28.
f4 Be4 29. Rxh8 Rxh8 30. fxg5 fxg5 31. Bc2 Bf6 32. Bxe4 dxe4 33. Ke2 Kg6 34. Rf1
Rh3 35. Kf2 Rh8 36. Kg2 Rh7 37. Rf2 Rh6 38. Be5 Kf7 39. Rf1 Ke7 40. Bg3 Rh7 41.
Rf2 Rh6 42. Rf1 Rh7 43. a4 bxa4 44. Ra1 Ke8 45. Rxa4 Rb7 46. Rxc4 Rxb2+ 47. Kf1
Kd7 48. Ra4 Rb1+ 49. Ke2 Rb2+ 50. Kd1 Rg2 51. Ra7+ Ke8 52. Bd6 Rxg4 53. Rc7 Rg1+
54. Ke2 g4 55. Bf4 g3 56. Rc8+ 1-0

[Event "Chigorin Mem Blitz 2016"]
[Site "St Petersburg RUS"]
[Date "2016.10.14"]
[Round "9.3"]
[White "Moiseenko, Vadim"]
[Black "Paravyan, David"]
[Result "1/2-1/2"]
[WhiteTitle "IM"]
[BlackTitle "IM"]
[WhiteElo "2528"]
[BlackElo "2528"]
[WhiteFideId "4123700"]
[BlackFideId "4194985"]
[EventDate "2016.10.14"]

1. e4 c6 2. d4 d5 3. exd5 cxd5 4. Bd3 Nc6 5. c3 g6 6. Nf3 Bf5 7. Bxf5 gxf5 8.
Bf4 e6 9. Nbd2 Bd6 10. Bxd6 Qxd6 11. Nb3 Nf6 12. Nc5 Ne4 13. Nd3 Rg8 14. g3 f6
15. Qe2 O-O-O 16. O-O-O Kb8 17. Kb1 Rge8 18. Nd2 e5 19. dxe5 fxe5 20. Nb3 a5 21.
f3 a4 22. Nbc1 Nf6 23. Rhe1 e4 24. Nf4 d4 25. cxd4 Nxd4 26. Qc4 Qb6 27. fxe4
Nxe4 28. Nd5 Rxd5 29. Rxe4 Red8 30. Re8 a3 31. b3 Rxe8 32. Qxd5 Nb5 33. Qf3 Rc8
34. Ne2 Qf6 35. Qf4+ Rc7 36. Rd2 h5 37. Rc2 Qb6 38. Qxf5 Rxc2 39. Qxc2 Qf2 40.
Nc1 Qe3 41. Qd3 Qf2 42. Qd8+ Ka7 43. Qa5+ Kb8 44. Qd8+ Ka7 45. Qa5+ Kb8 46. Qd8+
Ka7 1/2-1/2

[Event "Chigorin Mem Blitz 2016"]
[Site "St Petersburg RUS"]
[Date "2016.10.14"]
[Round "9.4"]
[White "Sjugirov, Sanan"]
[Black "Ponkratov, Pavel"]
[Result "1/2-1/2"]
[WhiteTitle "GM"]
[BlackTitle "GM"]
[WhiteElo "2660"]
[BlackElo "2589"]
[WhiteFideId "4189302"]
[BlackFideId "4157800"]
[EventDate "2016.10.14"]

1. d4 Nf6 2. c4 e6 3. Nf3 b6 4. g3 Bb7 5. Bg2 g6 6. Nc3 Ne4 7. d5 Nxc3 8. Qd4
Rg8 9. Qxc3 Bg7 10. Qd3 Na6 11. O-O Nc5 12. Qc2 a5 13. Bg5 Bf6 14. Be3 Qe7 15.
Nd4 Bxd4 16. Bxd4 e5 17. Bc3 d6 18. b3 f5 19. a3 a4 20. b4 Nb3 21. Rae1 Rf8 22.
f4 e4 23. e3 b5 24. cxb5 Bxd5 25. Rf2 Bc4 26. Bg7 Qxg7 27. Qxc4 Qd7 28. Rd1 Rb8
29. Bf1 Rf7 30. Rc2 Kf8 31. Qc3 Rg7 32. Bc4 Qe7 33. Rd5 Qd8 34. Bxb3 axb3 35.
Qxb3 Rf7 36. Qc3 Kg8 37. a4 h5 38. h4 Qe8 39. Qc4 Kh7 40. a5 Re7 41. a6 Qd7 42.
Ra2 Qe6 43. Rd4 Qd7 44. a7 Ra8 45. Qd5 Qc8 46. Rc4 Qe8 47. Qc6 Qg8 48. Kh2 Rg7
49. Rcc2 Qf8 50. Ra6 Qd8 51. Ra5 Qf8 52. b6 cxb6 53. Qxb6 d5 54. Qd4 Qe8 55.
Rca2 Qc6 56. Rc5 Qb6 57. Rxd5 Qxd4 58. Rxd4 Raxa7 59. Rxa7 Rxa7 60. Rd2 Kg7 61.
Rb2 Kf6 62. b5 Ke6 63. Kg2 Kd5 64. b6 Rb7 65. Kf2 Kc5 66. Rc2+ Kxb6 67. Rc8 Rc7
68. Rg8 Rc6 69. Ke2 Kc5 70. Rd8 Kc4 71. Rd4+ Kc3 72. Ra4 Rb6 73. Ra3+ Kc2 74.
Ra7 Kc3 75. Rc7+ Kb4 76. Kd2 Kb5 77. Kc3 Rd6 78. Kc2 Kb4 79. Rb7+ Kc4 80. Rc7+
Kb4 81. Rb7+ Kc4 1/2-1/2

[Event "Chigorin Mem Blitz 2016"]
[Site "St Petersburg RUS"]
[Date "2016.10.14"]
[Round "9.5"]
[White "Aleksandrov, Aleksej"]
[Black "Lu, Shanglei"]
[Result "1/2-1/2"]
[WhiteTitle "GM"]
[BlackTitle "GM"]
[WhiteElo "2568"]
[BlackElo "2615"]
[WhiteFideId "13500139"]
[BlackFideId "8603332"]
[EventDate "2016.10.14"]

1. d4 f5 2. Nf3 Nf6 3. g3 g6 4. c4 Bg7 5. b4 d6 6. Bb2 O-O 7. Bg2 c6 8. O-O Na6
9. a3 Kh8 10. Nbd2 Be6 11. Re1 Nc7 12. Qc2 a5 13. e4 Nxe4 14. Nxe4 fxe4 15. Ng5
d5 16. bxa5 Bf5 17. Qd2 h6 18. Nh3 Ne6 19. cxd5 Qxd5 20. Nf4 Nxf4 21. Qxf4 g5
22. Qe3 Qxa5 23. Bxe4 e6 24. Bg2 Rad8 25. h3 Qb6 26. Bc3 Bxd4 27. g4 Bh7 28.
Bxd4+ Qxd4 29. Qxd4+ Rxd4 30. Rxe6 Kg7 31. a4 Rd2 32. Re7+ Rf7 33. Rxf7+ Kxf7
34. a5 Bd3 35. Bxc6 bxc6 36. a6 c5 37. a7 Be4 1/2-1/2

[Event "Chigorin Mem Blitz 2016"]
[Site "St Petersburg RUS"]
[Date "2016.10.14"]
[Round "9.6"]
[White "Chigaev, Maksim"]
[Black "Alekseev, Evgeny"]
[Result "0-1"]
[WhiteTitle "IM"]
[BlackTitle "GM"]
[WhiteElo "2551"]
[BlackElo "2636"]
[WhiteFideId "4108116"]
[BlackFideId "4138147"]
[EventDate "2016.10.14"]

1. e4 c5 2. Nf3 Nc6 3. Bb5 g6 4. O-O Bg7 5. Re1 Nf6 6. c3 O-O 7. h3 Qb6 8. Na3
d6 9. Bf1 a6 10. d3 Qc7 11. Bf4 e5 12. Bg5 h6 13. Bxf6 Bxf6 14. Nc4 Be6 15. Ne3
Bg7 16. g3 f5 17. Bg2 Qd7 18. Nh4 Ne7 19. exf5 gxf5 20. f4 exf4 21. gxf4 d5 22.
d4 cxd4 23. cxd4 Kh7 24. Kh1 Qd6 25. Rf1 Bf6 26. Qe1 Bxd4 27. Rd1 Qb6 28. Nc2
Bf6 29. Nf3 Ng6 30. Nfd4 Bd7 31. Bxd5 Rae8 32. Qg3 Re7 33. Nf3 Rg7 34. Qh2 Qc7
35. Nfd4 Qb6 36. Nf3 Bc6 37. Bxc6 Qxc6 38. Ne3 Qe4 39. Nd5 Nh4 40. Nc3 Bxc3 0-1

[Event "Chigorin Mem Blitz 2016"]
[Site "St Petersburg RUS"]
[Date "2016.10.14"]
[Round "9.7"]
[White "Fier, Alexandr"]
[Black "Gajewski, Grzegorz"]
[Result "0-1"]
[WhiteTitle "GM"]
[BlackTitle "GM"]
[WhiteElo "2614"]
[BlackElo "2621"]
[WhiteFideId "2107139"]
[BlackFideId "1116207"]
[EventDate "2016.10.14"]

1. d4 Nf6 2. Bg5 d5 3. Bxf6 gxf6 4. c4 dxc4 5. e3 c5 6. Nc3 cxd4 7. Bxc4 Bg7 8.
Qh5 e6 9. O-O-O f5 10. exd4 Qc7 11. Bb5+ Bd7 12. Bxd7+ Nxd7 13. Nf3 Qf4+ 14. Kb1
Nf6 15. Qh3 Rc8 16. Qg3 Qxg3 17. hxg3 Ng4 18. Rd2 Ke7 19. Re1 Rhd8 20. Kc2 b5
21. a3 a5 22. Kb3 b4 23. axb4 axb4 24. Kxb4 Rd7 25. Kb3 Nf6 26. Ne5 Rb7+ 27. Ka2
Nd7 28. Nxd7 Kxd7 29. Na4 Rb4 30. b3 Ke7 31. Red1 Rcb8 32. Rd3 Ke8 33. Kb2 Rxa4
34. Kb1 Rab4 35. Ka2 Ke7 36. Ka3 Ke8 37. f3 Bf8 38. Kb2 Rd8 39. Kc3 Rc8+ 40. Kb2
Bg7 41. Ka3 Rb7 42. Kb2 Rd7 43. R3d2 Ke7 44. Rd3 h6 45. R3d2 Rd6 46. Rd3 Rd5 47.
R3d2 Rcd8 48. Kc3 e5 49. Ra1 Rxd4 50. Rxd4 Rxd4 51. b4 e4 52. Ra5 Rd5+ 53. Kc4
Rxa5 54. bxa5 Kd6 55. g4 e3 56. Kd3 f4 57. g3 Be5 0-1

[Event "Chigorin Mem Blitz 2016"]
[Site "St Petersburg RUS"]
[Date "2016.10.14"]
[Round "9.8"]
[White "Lintchevski, Daniil"]
[Black "Huzman, Alexander"]
[Result "1/2-1/2"]
[WhiteTitle "GM"]
[BlackTitle "GM"]
[WhiteElo "2522"]
[BlackElo "2577"]
[WhiteFideId "4171055"]
[BlackFideId "2803828"]
[EventDate "2016.10.14"]

1. e4 e6 2. d4 d5 3. Nc3 dxe4 4. Nxe4 Nd7 5. Nf3 Ngf6 6. Nxf6+ Nxf6 7. Bg5 c5 8.
c3 cxd4 9. Qxd4 Qxd4 10. Nxd4 a6 11. g3 Bc5 12. Bxf6 gxf6 13. O-O-O Bd7 14. Bg2
O-O-O 15. f4 Ba4 16. Nb3 Bxb3 17. axb3 f5 18. Kc2 h5 19. Rxd8+ Rxd8 20. Bf3 Rh8
21. b4 Be7 22. h4 Kc7 23. Be2 Bd6 24. Rd1 f6 25. Bc4 e5 26. Be6 Re8 27. Bxf5
exf4 28. gxf4 Re2+ 29. Rd2 1/2-1/2

[Event "Chigorin Mem Blitz 2016"]
[Site "St Petersburg RUS"]
[Date "2016.10.14"]
[Round "9.9"]
[White "Bok, Benjamin"]
[Black "Gordievsky, Dmitry"]
[Result "1-0"]
[WhiteTitle "GM"]
[BlackTitle "IM"]
[WhiteElo "2594"]
[BlackElo "2555"]
[WhiteFideId "1017063"]
[BlackFideId "24112798"]
[EventDate "2016.10.14"]

1. e4 c5 2. Nf3 d6 3. d4 cxd4 4. Nxd4 Nf6 5. Nc3 a6 6. Be3 e5 7. Nf3 Be7 8. Bc4
O-O 9. O-O Be6 10. Bb3 Nc6 11. Qe2 Na5 12. Rfd1 Nxb3 13. axb3 Qc7 14. Bg5 Ng4
15. Bxe7 Qxe7 16. Rd3 Rac8 17. Rad1 Rc6 18. Qd2 Nf6 19. Rxd6 Rxc3 20. Qxc3 Nxe4
21. Qxe5 Nxd6 22. Qxd6 Qxd6 23. Rxd6 Rc8 24. Nd4 Kf8 25. Rb6 Rd8 26. c3 Rd7 27.
f3 Ke7 28. Kf2 h5 29. Ke3 g6 30. c4 Rc7 31. Ke4 Bc8 32. Kd3 Rc5 33. b4 Rg5 34.
g3 h4 35. g4 Re5 36. Kd2 Kd8 37. Nc2 Kc7 38. Rf6 Be6 39. Ne3 Kd6 40. f4 Re4 41.
Kd3 Ke7 42. Rxf7+ 1-0

[Event "Chigorin Mem Blitz 2016"]
[Site "St Petersburg RUS"]
[Date "2016.10.14"]
[Round "9.10"]
[White "Idani, Pouya"]
[Black "Pridorozhni, Aleksei"]
[Result "1/2-1/2"]
[WhiteTitle "GM"]
[BlackTitle "GM"]
[WhiteElo "2551"]
[BlackElo "2579"]
[WhiteFideId "12510130"]
[BlackFideId "4127870"]
[EventDate "2016.10.14"]

1. e4 e6 2. d4 d5 3. Nd2 dxe4 4. Nxe4 Bd7 5. Nf3 Bc6 6. Bd3 Nd7 7. O-O Ngf6 8.
Ng3 g6 9. Qe2 Bg7 10. c3 O-O 11. b3 Re8 12. Rd1 Qc8 13. Bf4 b6 14. Ne5 Nxe5 15.
Bxe5 a5 16. Rac1 Qb7 17. f3 Rad8 18. Ba6 Qa7 19. Bb5 Bxb5 20. Qxb5 Qb7 21. Qe2
h5 22. Nf1 Nd5 23. Bxg7 Kxg7 24. Qe5+ Nf6 25. Nd2 Rd5 26. Qe2 e5 27. Qf2 exd4
28. cxd4 Qc8 29. Nc4 Qd7 30. Rd2 a4 31. Ne3 Rd6 32. Nc4 Rd5 33. Ne3 Rb5 34. bxa4 1/2-1/2

[Event "Chigorin Mem Blitz 2016"]
[Site "St Petersburg RUS"]
[Date "2016.10.14"]
[Round "9.11"]
[White "Vlasenko, Miroslav"]
[Black "Khismatullin, Denis"]
[Result "0-1"]
[WhiteTitle "IM"]
[BlackTitle "GM"]
[WhiteElo "2422"]
[BlackElo "2617"]
[WhiteFideId "4151887"]
[BlackFideId "4142578"]
[EventDate "2016.10.14"]

1. d4 Nf6 2. Bg5 e6 3. Nf3 c5 4. e3 Be7 5. Nbd2 b6 6. Bd3 cxd4 7. exd4 O-O 8.
O-O Nc6 9. c3 Bb7 10. Re1 Nd5 11. Ne4 Qc7 12. Bxe7 Ncxe7 13. Rc1 Rac8 14. Bb1 f5
15. Ng3 Nf4 16. Bd3 Qc6 17. Rc2 Nxg2 18. Kxg2 Ng6 19. Be2 Nf4+ 20. Kg1 Nxe2+ 21.
Qxe2 Qxf3 22. Qxf3 Bxf3 23. Re3 Bd5 24. f4 Bxa2 25. Kf2 Bd5 26. Ne2 Kf7 27. Nc1
Be4 28. Rd2 Kf6 29. Ne2 h6 30. Ng3 Bd5 31. Nh5+ Kf7 32. Ng3 g5 33. Ne2 b5 34.
Rd1 a5 35. Ra1 a4 36. Rg1 g4 37. Nc1 Bc4 38. Nd3 Bxd3 39. Rxd3 Rc4 40. Kg3 b4
41. d5 bxc3 42. dxe6+ dxe6 43. bxc3 Rfc8 44. Rc1 Kf6 45. Re3 a3 0-1

[Event "Chigorin Mem Blitz 2016"]
[Site "St Petersburg RUS"]
[Date "2016.10.14"]
[Round "9.12"]
[White "Rakhmanov, Aleksandr"]
[Black "Stupak, Kirill"]
[Result "0-1"]
[WhiteTitle "GM"]
[BlackTitle "GM"]
[WhiteElo "2662"]
[BlackElo "2564"]
[WhiteFideId "4173708"]
[BlackFideId "13503758"]
[EventDate "2016.10.14"]

1. c4 e5 2. Nf3 Nc6 3. d4 d6 4. Nc3 g6 5. d5 Nce7 6. e4 Bg7 7. Bd3 Bg4 8. h3
Bxf3 9. Qxf3 Nf6 10. g4 a5 11. Be3 Nd7 12. h4 h5 13. g5 O-O 14. Qe2 Kh7 15. Bc2
f5 16. exf5 Nxf5 17. Bxf5 Rxf5 18. Ne4 Qf8 19. Rh3 Qf7 20. O-O-O Rf8 21. Kb1 b6
22. Rg1 b5 23. cxb5 Qxd5 24. Qc2 R8f7 25. a4 Qe6 26. Rd1 d5 27. Qb3 Rf4 28. Bxf4
Rxf4 29. Re3 Nb6 30. Nc5 Qg4 31. Rxd5 Rb4 32. Qd1 Nxd5 33. Qxd5 Qg1+ 34. Ka2
Qxf2 35. Rb3 Rd4 36. Qc6 e4 37. Qxc7 Rc4 38. b6 Rxc5 39. Qd7 Rc2 0-1

[Event "Chigorin Mem Blitz 2016"]
[Site "St Petersburg RUS"]
[Date "2016.10.14"]
[Round "10.1"]
[White "Moskalenko, Alexander"]
[Black "Tran, Tuan Minh"]
[Result "0-1"]
[WhiteTitle "IM"]
[BlackTitle "IM"]
[WhiteElo "2490"]
[BlackElo "2468"]
[WhiteFideId "4155351"]
[BlackFideId "12401820"]
[EventDate "2016.10.14"]

1. d4 Nf6 2. Nf3 e6 3. Bf4 c5 4. e3 Nc6 5. c3 Qb6 6. Qb3 d5 7. Nbd2 Bd7 8. h3
Rc8 9. Be2 Be7 10. O-O O-O 11. Ne5 Rfd8 12. Nxd7 Nxd7 13. Nf3 Na5 14. Qc2 h6 15.
Rac1 cxd4 16. exd4 Bd6 17. Bxd6 Qxd6 18. Rfe1 Rc7 19. Bd3 Rdc8 20. g3 a6 21. a4
Nc6 22. Qe2 Na5 23. Kg2 Nc4 24. Bb1 Qb6 25. Rc2 Qb3 26. Nd2 Nxd2 27. Rxd2 Qxa4
28. Qd3 Nf6 29. g4 b5 30. Qf3 b4 31. Re3 bxc3 32. bxc3 Qa1 33. Rd1 Qb2 34. Bd3
Rxc3 35. Bxa6 Rxe3 36. Qxe3 Rc3 37. Rd3 Rxd3 38. Bxd3 Qb4 39. f3 Qb2+ 40. Kg3
Qb8+ 41. Kg2 g5 42. h4 gxh4 43. f4 Nxg4 44. Qf3 f5 45. Bxf5 exf5 46. Qxd5+ Kg7
47. Qd7+ Kg6 48. Qc6+ Nf6 49. d5 Qb2+ 50. Kh3 Qb3+ 51. Kh2 Qxd5 52. Qc8 Qd2+ 53.
Kh3 Qxf4 54. Kg2 Qe4+ 55. Kh3 Qh1# 0-1

[Event "Chigorin Mem Blitz 2016"]
[Site "St Petersburg RUS"]
[Date "2016.10.14"]
[Round "10.2"]
[White "Kovalev, Vladislav"]
[Black "Paravyan, David"]
[Result "0-1"]
[WhiteTitle "GM"]
[BlackTitle "IM"]
[WhiteElo "2609"]
[BlackElo "2528"]
[WhiteFideId "13504398"]
[BlackFideId "4194985"]
[EventDate "2016.10.14"]

1. d4 Nf6 2. Bf4 g6 3. Nc3 d5 4. e3 c6 5. Be2 Bg7 6. h4 h6 7. Nf3 Bf5 8. Ne5 h5
9. Qd2 Nbd7 10. O-O-O Ne4 11. Nxe4 dxe4 12. Nxd7 Qxd7 13. Kb1 O-O 14. f3 Rfd8
15. Qe1 Qd5 16. Qf2 Qa5 17. fxe4 Bxe4 18. Bf3 Qf5 19. g4 hxg4 20. Bxe4 Qxe4 21.
h5 Qf3 22. Qh4 Bf6 23. Bg5 Bxg5 24. Qxg5 Rd5 25. Qxe7 Rxh5 26. Rhf1 Qd5 27. e4
Qe6 28. Qxb7 Rd8 29. Qxa7 g3 30. e5 g2 31. Rg1 Qg4 32. d5 Rxd5 33. Rxd5 cxd5 34.
Qa8+ Kg7 35. Qxd5 Rh1 36. Rxh1 g1=Q+ 0-1

[Event "Chigorin Mem Blitz 2016"]
[Site "St Petersburg RUS"]
[Date "2016.10.14"]
[Round "10.3"]
[White "Ponkratov, Pavel"]
[Black "Timofeev, Artyom"]
[Result "1/2-1/2"]
[WhiteTitle "GM"]
[BlackTitle "GM"]
[WhiteElo "2589"]
[BlackElo "2601"]
[WhiteFideId "4157800"]
[BlackFideId "4140419"]
[EventDate "2016.10.14"]

1. e4 c5 2. Ne2 d6 3. Nbc3 Nf6 4. g3 g6 5. Bg2 Bg7 6. O-O O-O 7. d4 cxd4 8. Nxd4
Nc6 9. Nde2 Rb8 10. a4 a6 11. Nd5 e6 12. Ne3 b5 13. c3 Qc7 14. Nd4 Ne5 15. axb5
axb5 16. f4 Ned7 17. Qe2 Qb6 18. b4 Bb7 19. Qd3 e5 20. Nb3 exf4 21. Rxf4 Ne5 22.
Qd4 Qc7 23. Qd2 Rfe8 24. Nd4 Qb6 25. Bb2 Ned7 26. Qd3 Ne5 27. Qxb5 Qxb5 28. Nxb5
Nd3 29. Nxd6 Nxb2 30. Nxb7 Nd3 31. Nd6 Nxf4 32. gxf4 Red8 33. e5 Ne8 34. Nxe8
Rxe8 35. Nd5 Kf8 36. Ra7 Rec8 37. Kf2 g5 38. Ke3 gxf4+ 39. Kxf4 Rc4+ 40. Kf5 Rh4
41. Bf1 Rh5+ 42. Ke4 1/2-1/2

[Event "Chigorin Mem Blitz 2016"]
[Site "St Petersburg RUS"]
[Date "2016.10.14"]
[Round "10.4"]
[White "Alekseev, Evgeny"]
[Black "Volkov, Sergey"]
[Result "1/2-1/2"]
[WhiteTitle "GM"]
[BlackTitle "GM"]
[WhiteElo "2636"]
[BlackElo "2609"]
[WhiteFideId "4138147"]
[BlackFideId "4122763"]
[EventDate "2016.10.14"]

1. e4 e6 2. d4 d5 3. Nc3 Nf6 4. e5 Nfd7 5. f4 c5 6. Nf3 Nc6 7. Be3 Be7 8. Qd2 b6
9. Nd1 cxd4 10. Nxd4 Bb7 11. Be2 O-O 12. O-O Nc5 13. Nc3 a6 14. Nxc6 Bxc6 15.
Bd4 Qd7 16. Qe3 Bb5 17. Nxb5 axb5 18. a3 Rac8 19. b4 Ne4 20. Bd3 f5 21. exf6
Bxf6 22. Bxf6 Rxf6 23. Rae1 Qc6 24. Qd4 Nd6 25. Re2 Nc4 26. Rfe1 Qd6 27. g3 Nxa3
28. f5 exf5 29. Re8+ Rxe8 30. Rxe8+ Rf8 31. Re5 Nc4 32. Qxd5+ Qxd5 33. Rxd5 Na3
34. Bxf5 g6 35. Be4 Rc8 1/2-1/2